000 00535nam a22001937a 4500
003 CEME
005 20210628202827.0
008 210125b xxu||||| |||| 00| 0 eng d
020 _a9812-53-024-X
040 _c.
082 _a519.536 MON
100 _aMontgomery, Douglas C Peck, Elizabeth . A Vining, G.Geoffrey
_961822
245 _aIntroduction to linear regression analysis
250 _a3RD
260 _aNEW DELHI
_bJOHN WIELY
_c2003
300 _aXVI,641 P
650 _aREGRESSION ANALYSIS,
_926737
942 _cBK
_2ddc
999 _c571140
_d571140